Villes françaises présentes dans l'une des deux 1ères divisions (basket) - Statistiques

Statistiques générales
  • Ce quiz a été pris 862 fois
  • Le résultat moyen est 20 sur 36
Statistiques - réponses
Région Division Ville % Correct
Principauté étrangère Pro A Monaco
95%
Auvergne-Rhône-Alpes Pro A Lyon / Villeurbanne
94%
Île-de-France Pro A Paris / Levallois-Perret
94%
Grand Est Pro A Strasbourg
91%
Bourgogne-Franche-Comté Pro A Dijon
77%
Hauts-de-France Pro B Lille
74%
Nouvelle-Aquitaine Pro A Limoges
74%
Grand Est Pro A Châlons-en-Champagne / Reims
73%
Île-de-France Pro A Nanterre
73%
Pays de la Loire Pro B Nantes
72%
Nouvelle-Aquitaine Pro A Pau / Lacq / Orthez
72%
Pays de la Loire Pro A Le Mans
69%
Hauts-de-France Pro A Gravelines / Dunkerque
68%
Grand Est Pro A Nancy
67%
Pays de la Loire Pro A Cholet
65%
Bourgogne-Franche-Comté Pro A Chalon-sur-Saône
63%
Centre-Val de Loire Pro A Orléans
60%
Normandie Pro B Rouen
53%
Provence-Alpes-Côte d'Azur Pro A Antibes
52%
Auvergne-Rhône-Alpes Pro B Vichy / Clermont-Ferrand
50%
Auvergne-Rhône-Alpes Pro B Roanne
45%
Provence-Alpes-Côte d'Azur Pro A Hyères / Toulon
44%
Auvergne-Rhône-Alpes Pro B Bourg-en-Bresse
42%
Centre-Val de Loire Pro B Blois
41%
Normandie Pro B Le Havre
41%
Hauts-de-France Pro B Boulogne-sur-Mer
40%
Hauts-de-France Pro A Le Portel
40%
Hauts-de-France Pro B Saint-Quentin
38%
Provence-Alpes-Côte d'Azur Pro B Fos-sur-Mer
37%
Auvergne-Rhône-Alpes Pro B Aix-les-Bains
34%
Nouvelle-Aquitaine Pro B Boulazac
34%
Nouvelle-Aquitaine Pro B Poitiers
34%
Normandie Pro B Evreux
27%
Hauts-de-France Pro B Denain
22%
Auvergne-Rhône-Alpes Pro B Saint-Chamond
22%
Grand Est Pro B Charleville-Mézières
11%
Aucun quiz correspondant
Distribution des résultats
% des personnes avec chaque résultat
Percentile par nombre de réponses
Votre historique - résultats
Vous n’avez pas pris ce quiz